000 00580nam a22001697a 4500
005 20251108173409.0
008 250721s2005 xx 000 0 ara d
082 1 4 _a320.50956093/نجا
100 1 _aالنجار، سليم
_eمؤلف
245 1 0 _aصراع الأيديولوجيا في القضية الفلسطينية : مزالق الوعي /
264 1 _aعمان :
_bسليم النجار،
_c2005.
300 _a55 ص.
650 1 7 _aالقضية الفلسطينية
650 1 7 _aالإيديولوجيات السياسية
942 _2ddc
_cBK
999 _c102943
_d102943